Land law

Spremljeno u:
Bibliografski detalji
Glavni autor: Green, Kate
Format: Knjiga
Jezik:Undetermined
Izdano: New York, NY. Palgrave / MacMillan 2004
Teme:
Oznake: Dodaj oznaku
Bez oznaka, Budi prvi tko označuje ovaj zapis!
Thư viện lưu trữ: Trung tâm Học liệu Trường Đại học Cần Thơ
LEADER 00606nam a2200217Ia 4500
001 CTU_117668
008 210402s9999 xx 000 0 und d
020 |c 29.04 
082 |a 346.41043 
082 |b G795 
100 |a Green, Kate 
245 0 |a Land law 
245 0 |c Kate Green and Joe Cursley 
260 |a New York, NY. 
260 |b Palgrave / MacMillan 
260 |c 2004 
650 |a Land use,Land tenure,Real property 
650 |x Law and legislation,Law and legislation 
650 |z England,England,England 
904 |i Minh 
980 |a Trung tâm Học liệu Trường Đại học Cần Thơ